Taskmaster UK Winners Sudden Death - Statistics

General Stats
  • This quiz has been taken 77 times
  • The average score is 12 of 19
Answers on the Grid
Answers color-coded by a green-red scale on the quiz's grid according to % correct below.
Aisling Bea
Al Murray
Alan Davies
Alice Levine
Andy Zaltzman
Ardal O'Hanlon
Asim Chaudhry
Babatunde Aleshe
Bob Mortimer
Bridget Christie
Charlotte Ritchie
Chris Ramsey
Daisy Mae Cooper
Dara O Briain
Dave Gorman
David Baddiel
Desiree Burch
Doc Brown
Ed Gamble
Emma Sidi
Fatiha El-Ghorri
Fern Brady
Frank Skinner
Frankie Boyle
Guz Khan
Hugh Dennis
Iain Stirling
Ivo Graham
Jack Dee
Jamali Maddix
James Acaster
Jason Mantzoukas
Jenny Eclair
Jessica Knappett
Jo Brand
Joanne McNally
Joe Lycett
Joe Thomas
Joe Wilkinson
John Kearns
John Robins
Johnny Vegas
Jon Richardson
Josh Widdicombe
Judi Love
Julian Clary
Katherine Parkinson
Katherine Ryan
Katy Wix
Kerry Godliman
Kiell Smith-Bynoe
Lee Mack
Liza Tarbuck
Lolly Adefope
Lou Sanders
Lucy Beaumont
Mae Martin
Mark Watson
Mathew Baynton
Mawaan Rizwan
Mel Giedroyc
Mike Wozniak
Morgana Robinson
Munya Chawawa
Nick Mohammed
Nish Kumar
Noel Fielding
Paul Chowdhry
Paul Sinha
Phil Wang
Rhod Gilbert
Richard Herring
Richard Osman
Rob Beckett
Roisin Conaty
Romesh Ranganathan
Rose Matafeo
Rosie Jones
Rosie Ramsey
Russell Howard
Sally Phillips
Sam Campbell
Sara Pascoe
Sarah Kendall
Sarah Millican
Sian Gibson
Sophie Duker
Sophie Willan
Steve Pemberton
Stevie Martin
Sue Perkins
Susan Wokoma
Tim Key
Tim Vine
Victoria Coren Mitchell
 
Answer Stats
Answer % Correct
Ed Gamble
86%
Bob Mortimer
74%
Josh Widdicombe
72%
Dara O Briain
69%
Kerry Godliman
68%
Katherine Ryan
65%
Mathew Baynton
63%
Noel Fielding
63%
Sam Campbell
62%
Andy Zaltzman
58%
Lou Sanders
58%
Mae Martin
57%
Morgana Robinson
55%
Richard Herring
55%
Rob Beckett
55%
Liza Tarbuck
52%
Sophie Duker
51%
John Robins
49%
Sarah Kendall
46%
No matching quizzes found
Score Distribution
Percent of People with Each Score
Percentile by Number Answered
Your Score History
You have not taken this quiz